[Event "GER-ch 75th"]
[Site "Hoeckendorf"]
[Date "2004.02.05"]
[Round "7"]
[White "Bischoff, Klaus"]
[Black "Mueller, Karsten"]
[Result "1-0"]
[WhiteElo "2561"]
[BlackElo "2517"]
[Annotator "Atlas,V"]
[PlyCount "71"]
[EventDate "2004.01.30"]
[EventType "swiss"]
[EventRounds "9"]
[EventCountry "GER"]
[SourceTitle "CBM 100"]
[Source "ChessBase"]
[SourceDate "2004.06.01"]
[SourceVersion "1"]
[SourceVersionDate "2004.06.01"]
[SourceQuality "1"]

1. c4 c6 2. Nf3 d5 3. e3 Nf6 4. Nc3 e6 5. d4 Nbd7 6. Qc2 Bd6 7. b3 e5 8. Bb2 e4
9. Nd2 a6 10. Be2 Qe7 11. O-O-O b5 12. f3 exf3 13. Bxf3 bxc4 14. bxc4 Ba3 15.
c5 Bxb2+ 16. Kxb2 O-O 17. Rhe1 Qd8 18. e4 dxe4 19. Ndxe4 Nd5 20. Nxd5 cxd5 21.
Nd6 Nf6 22. h3 Be6 23. Qc3 Qc7 $6 ({The best option was an attempt to exchange
White's active knight: Die beste Aktion war der Versuch, den aktiven weißen
Springer zu tauschen:} 23... Ne8 24. Nxe8 Rxe8 25. Re5 Qd7 {, and Black still
retains counterchances. und Schwarz wahrt noch immer Gegenchancen.}) 24. Ka1
Rfb8 25. Rb1 Qc6 (25... Ne8 {fails to scheitert an} 26. Rxb8 Rxb8 27. Nxe8 Rxe8
28. Bxd5) 26. Rb3 Qa4 $6 (26... Ne8 {was to be preferred. war vorzuziehen.})
27. Bd1 Rxb3 28. Bxb3 Qa3 29. Re3 Rd8 30. Qe1 Rb8 ({Leads to a remarkable game
conclusion, but Black was lost anyway: Führt zu einem sehenswerten
Partieschluss, doch Schwarz war sowieso verloren:} 30... Rxd6 31. Bc2 $1) (
30... Ne4 31. Nxe4 dxe4 32. Bxe6) {[%tqu "En","Black's king may appear quite
safe, but White's next move proves the opposite. Can you find it?","Try to
expose the enemy king and bring your queen into play.","Eliminate Black's key
defender.","e3e6","This nice sacrifice leads to a thematic mate final.",4,"De",
"Der schwarze König scheint ganz sicher zu stehen, aber der nächste weiße Zug
beweist das Gegenteil. Finden Sie ihn?","Versuchen Sie, den feindlichen König
zu exponierten und Ihre Dame ins Spiel zu bringen.","Eliminieren Sie den
Schlüsselverteidiger des Schwarzen.","e3e6","Dieses schöne Opfer führt zu
einem thematischen Mattfinale.",4]} 31. Rxe6 {[%csl Rb8,Gd6,Ge1,Ge6,Rg8] A
nice move breaking Black's defense. Ein schöner Zug, der die schwarze
Verteidigung durchbricht.} fxe6 (31... Rxb3 {fails to scheitert an} 32. Re8+
Nxe8 33. Qxe8#) 32. Qxe6+ {Now mate is inevitable. Nun ist Matt unvermeidlich.}
Kh8 33. Nf7+ Kg8 34. Nh6+ Kh8 35. Qg8+ Nxg8 36. Nf7# 1-0

[Event "GER-ch 74th"]
[Site "Saarbruecken"]
[Date "2002.11.27"]
[Round "6"]
[White "Becking, Stephan"]
[Black "Mueller, Matthias"]
[Result "1-0"]
[WhiteElo "2315"]
[BlackElo "2403"]
[Annotator "Atlas,V"]
[PlyCount "75"]
[EventDate "2002.11.22"]
[EventType "swiss"]
[EventRounds "9"]
[EventCountry "GER"]
[SourceTitle "CBM 093"]
[Source "ChessBase"]
[SourceDate "2003.04.01"]
[SourceVersion "1"]
[SourceVersionDate "2003.04.01"]
[SourceQuality "1"]

1. d4 e6 2. c4 d5 3. Nf3 Nf6 4. Nc3 c6 5. e3 Nbd7 6. Qc2 Bd6 7. g4 Bb4 8. Bd2
Qe7 9. g5 Bxc3 10. Bxc3 Ne4 11. Bd3 Nxc3 12. Qxc3 dxc4 13. Bxc4 O-O 14. h4 b5
15. Bd3 c5 16. Qc2 f5 17. gxf6 Nxf6 18. Qxc5 Qb7 19. Be2 Bd7 20. Rg1 Rac8 21.
Qe5 Rc2 22. Nd2 Rxb2 23. d5 Rxd2 24. Kxd2 exd5 25. Rac1 Qb6 26. Rc7 Qa5+ 27.
Kd1 Qa4+ 28. Ke1 Qa5+ 29. Kd1 Qxa2 30. Bd3 Qxf2 31. Qg5 Rf7 32. Rg2 Bg4+ 33.
Rxg4 Rxc7 34. Rg2 Qf3+ 35. Kd2 Re7 36. Kc2 Qxe3 $2 {This careless move loses a
knight.} (36... b4 {was easliy winning.}) 37. Qxf6 Qe5 $4 {This move loses on
the spot.} (37... b4 {was to be preferred.}) (37... Rc7+ 38. Kb2 Qxd3 $2 (38...
Qe7 $142 $1) {fails to} 39. Qd8+) {[%tqu "En","How can White conclude the
game?","Exploit a shaky position of the black queen.","Try to deflect the
black rook.","g2g7","This is a nice touch!",3]} 38. Rxg7+ {, and Black
resigned, since he loses a queen:} (38. Rxg7+ Rxg7 (38... Kh8 39. Qf8#) 39.
Qxe5) 1-0

[Event "EU-Cup 21st"]
[Site "Saint Vincent"]
[Date "2005.09.22"]
[Round "5.3"]
[White "Thorfinnsson, Bragi"]
[Black "Bruno, Fabio"]
[Result "1/2-1/2"]
[WhiteElo "2448"]
[BlackElo "2425"]
[Annotator "Atlas,V"]
[PlyCount "81"]
[EventDate "2005.09.18"]
[EventType "team-swiss"]
[EventRounds "7"]
[EventCountry "ITA"]
[SourceTitle "CBM 110"]
[Source "ChessBase"]
[SourceDate "2006.01.31"]
[SourceVersion "1"]
[SourceVersionDate "2006.01.31"]
[SourceQuality "1"]
[WhiteTeam "Reykjavik CC"]
[BlackTeam "Penne"]
[WhiteTeamCountry "ISL"]
[BlackTeamCountry "ITA"]

1. d4 d5 2. c4 c6 3. Nf3 Nf6 4. Nc3 e6 5. e3 Nbd7 6. Qc2 Bd6 7. Bd2 Qe7 8. cxd5
exd5 9. Bd3 c5 10. O-O-O c4 11. Bf5 g6 12. Bh3 Nb6 13. Bxc8 Rxc8 14. h4 O-O 15.
h5 Ne4 16. Be1 a5 17. hxg6 fxg6 18. Ne5 Bb4 19. f3 (19. Nxd5 {also deserved a
serious attention. After} Nxd5 20. Qxe4 {Black does not seem to have a
sufficient compensation for a pawn.}) 19... Bxc3 $2 ({After this serious
mistake Black's position becomes critical. Better was} 19... Nxc3) 20. bxc3 Nf6
21. g4 Nbd7 22. Bg3 Qa3+ 23. Kd2 $2 ({Much stronger was} 23. Kb1 {with
manifold threats: 24.Rg6, 24.Rh7, 24. g5.}) 23... Nxe5 24. dxe5 Ne4+ $6 ({
A dubious decision. Correct was} 24... Nd7) 25. fxe4 Rf3 26. Be1 (26. Bh4 {
Much simpler was} dxe4 27. Ke2 {, with decisive advantage.}) 26... Rcf8 27. Rh2
d4 28. exd4 Rd3+ 29. Ke2 Rff3 30. Rf2 Rde3+ 31. Kf1 Qf8 32. g5 $2 {After this
weak move White cannot win any more.} (32. Qa4 {was a winning continuation:}
Rxe1+ 33. Kxe1 Rxf2 34. Qxc4+ Kg7 35. Rd2) 32... Qf4 33. Qa4 $2 ({The decisive
mistake. Correct was} 33. Rxf3 $1 {, and Black has no more than draw:} Qxf3+
34. Qf2 (34. Bf2 $2 {loses to} Qh1+ 35. Bg1 Rf3+) 34... Qh1+ 35. Qg1 Qf3+ 36.
Qf2) 33... b5 $1 {This elegant pawn move decides the game.} 34. Qxb5 (34. Qc2 {
loses after} Qh2 {, and mate is inevitable.}) {[%tqu "En","Black's army is
fully mobilised. How to power up Black's attack?","Exploit a power of your
heavy artillery and a shaky position of the f2-rook.","Use your e3-rook for
the decisive blow!","e3e1","After this terrific sacrifice mate is invevitable.
",5]} 34... Rxe1+ $1 {[%csl Rf1,Rf2][%cal Cf1e1,Gf4f1] The decisive blow!} 35.
Kxe1 ({Or} 35. Rxe1 Rxf2+ 36. Kg1 Qh2#) 35... Qe3+ 36. Re2 Qxc3+ $4 ({An
unexplainable mistake in a winning position. Obvious} 36... Qg1+ {forced mate
in a few moves:} 37. Kd2 Rd3+ 38. Kc2 Qxd1+ 39. Kb2 Qxe2+ {. Now White luckily
escapes.}) 37. Rdd2 Qc1+ 38. Rd1 Qc3+ 39. Rdd2 Qa1+ 40. Rd1 Qc3+ 41. Rdd2
1/2-1/2

[Event "RUS-ch qual 57th"]
[Site "St Petersburg"]
[Date "2004.05.23"]
[Round "3"]
[White "Dobrov, Vladimir"]
[Black "Zvjaginsev, Vadim"]
[Result "0-1"]
[WhiteElo "2477"]
[BlackElo "2654"]
[Annotator "Atlas,V"]
[PlyCount "78"]
[EventDate "2004.05.21"]
[EventType "swiss"]
[EventRounds "9"]
[EventCountry "RUS"]
[SourceTitle "CBM 102"]
[Source "ChessBase"]
[SourceDate "2004.09.23"]
[SourceVersion "1"]
[SourceVersionDate "2004.09.23"]
[SourceQuality "1"]

1. d4 Nf6 2. c4 e6 3. Nf3 d5 4. Nc3 c6 5. e3 a6 6. c5 Nbd7 7. b4 g6 8. Bd3 Bg7
9. e4 dxe4 10. Nxe4 Nxe4 11. Bxe4 a5 12. Bg5 f6 13. Bf4 e5 14. dxe5 axb4 15.
Qb1 O-O 16. Qxb4 fxe5 17. Qc4+ Kh8 18. Be3 Nf6 19. O-O Qe8 20. Bc2 e4 21. Nd2
Be6 22. Qe2 Bg4 23. Qc4 Qe5 24. Bd4 Qd5 25. Qxd5 cxd5 26. Rfb1 Rf7 27. Nf1 Nd7
28. Bxg7+ Kxg7 29. Ne3 $6 (29. Rxb7 {was to be preferred. war vorzuziehen.})
29... Be6 30. Rd1 (30. Rxb7 {is strongly met by findet die starke Erwiderung}
d4 {, with a large advantage. mit großem Vorteil.}) 30... Nxc5 31. Nxd5 Raf8
32. Nc3 (32. Rd2 {fails to scheitert an} Rd7 33. Rad1 Rfd8 {, winning a piece.
mit Figurengewinn.}) 32... Rxf2 33. Bxe4 Nxe4 34. Nxe4 Rxa2 35. Rab1 ({More
stubborn was Zäher war} 35. Rxa2 Bxa2 36. Nd6 {, although Black has excellent
winning chances in this line as well. , obwohl Schwarz auch in diesem Abspiel
ausgezeichnete Gewinnchancen hat.}) 35... Kh6 36. Rxb7 {[%tqu "En","At first
glance, Black's chances to win this almost symmetrical position are minimal.
Yet, he has a brilliant winning combination. Can you find it?","Exploit the
active position of your rooks and the weakness of White's first and second
rank.","Bring your bishop into the attack!","e6d5","This beautiful move spells
a quick end for White.",6,"De","Auf dem ersten Blick sind die Chancen des
Nachziehenden, diese fast symmetrische Stellung zu gewinnen, minimal. Doch er
hat eine brillante Gewinnkombination. Sehen Sie sie?","Schlagen Sie Kapital
aus der aktiven Stellung Ihrer Türme sowie der Schwäche der ersten und zweiten
Reihe des Weißen.","Schalten Sie Ihren Läufer in den Angriff ein!","e6d5",
"Dieser wunderschöne Zug verheißt ein schnelles Ende für Weiß.",6]} Bd5 $1 {
[%csl Ga2,Rb7,Gd5,Re4,Gf8,Rg1,Rg2][%cal Ga2g2,Gf8f1] The decisive blow,
yielding Black an irresistible attack. Der Entscheidungsschlag, der Schwarz
unwiderstehlichen Angriff verschafft.} 37. Re7 ({The bishop is invulnerable:
Der Läufer ist tabu:} 37. Rxd5 Ra1+ {, with mate in two. nebst Matt in zwei
Zügen.}) (37. Rb4 {falls short of scheitert an} Re2 $1 {, winning. mit Gewinn.}
) 37... Re2 $1 38. Nc3 ({Again, Erneut scheitert} 38. Rxd5 {fails to an} Re1#)
38... Rxg2+ $1 {38...Re7 was winning too, but the text move is, of course, the
shortest way to victory. 38...Re7 gewann ebenfalls, aber der Textzug ist
natürlich der kürzeste Weg zum Sieg.} 39. Kh1 Ba8 {[%csl Ga8,Gg2,Rh1][%cal
Ga8h1]} (39... Ba8 {, and White resigned, as und Weiß gab auf, denn} 40. Nd5 {
fails to scheitert an} Rg5) 0-1

[Event "ARG-ch"]
[Site "Argentina"]
[Date "1995.??.??"]
[Round "7"]
[White "Panno, Oscar"]
[Black "Morovic Fernandez, Ivan"]
[Result "0-1"]
[WhiteElo "2510"]
[BlackElo "2585"]
[Annotator "Baburin,A"]
[PlyCount "108"]
[EventDate "1995.??.??"]
[EventType "tourn"]
[EventRounds "15"]
[EventCountry "ARG"]
[EventCategory "9"]
[SourceTitle "CBM 049"]
[Source "ChessBase"]
[SourceDate "1995.12.01"]
[SourceVersion "1"]
[SourceVersionDate "1995.12.01"]
[SourceQuality "1"]

1. Nf3 Nf6 2. c4 c6 3. Nc3 d5 4. e3 e6 5. d4 Nbd7 6. Qc2 Bd6 7. Be2 O-O 8. O-O
dxc4 9. a4 c5 10. Bxc4 cxd4 11. exd4 b6 12. Qe2 Bb7 13. Ne5 (13. Bg5 $5 Rc8 14.
Ba6 Qc7 15. Rac1) 13... Rc8 14. Bf4 {[#]This position is not quite typical : a
few pieces (the e5-Knight, white Bishops and the d6-Bishop) have very shaky
positions, and makes the following Black move possible.} (14. Bb3 $5) 14... Nh5
$1 15. Qxh5 Bxe5 16. Bxe5 Rxc4 17. Rfd1 Nxe5 18. dxe5 Rd4 19. Rxd4 Qxd4 {
The isolated d4-pawn is gone to e5, and the current situation is in Black's
favour: his Bishop is superior to the white Knight and White's pawns might be
rather weak.} 20. Qe2 Qb4 21. h3 (21. Qb5 Qg4 $1) 21... Bc6 22. Qd2 a5 23. Re1
h6 24. Re3 Qf4 25. Re2 Qh4 26. Qe3 Qb4 27. Rd2 Rc8 28. Qd4 Qb3 29. Kh2 Qb4 30.
f3 Be8 31. Qxb4 axb4 32. Na2 Bxa4 33. Nxb4 Rc5 34. Re2 g5 35. Re4 Bb3 36. h4
Kg7 37. hxg5 hxg5 38. Re3 Bc4 39. Rc3 Kg6 40. g4 Be2 41. Re3 Rb5 42. Rxe2 Rxb4
43. Kg3 Kg7 44. Rc2 Rb5 45. Kf2 Rxe5 46. b4 Kf6 47. Rc4 Rb5 48. Ke3 Ke5 49. f4+
gxf4+ 50. Rxf4 f5 51. gxf5 exf5 52. Rh4 Rd5 53. Rh5 Rd6 54. Rh4 Rg6 0-1

[Event "Interzonal-16"]
[Site "Biel"]
[Date "1993.??.??"]
[Round "12"]
[White "Dreev, Alexey"]
[Black "Bareev, Evgeny"]
[Result "1/2-1/2"]
[WhiteElo "2570"]
[BlackElo "2660"]
[Annotator "Bareev,E"]
[PlyCount "102"]
[EventDate "1993.07.16"]
[EventType "swiss"]
[EventRounds "13"]
[EventCountry "SUI"]
[SourceTitle "CBM 037"]
[Source "ChessBase"]
[SourceDate "1993.12.01"]
[SourceVersion "1"]
[SourceVersionDate "1993.12.01"]
[SourceQuality "1"]

1. d4 d5 2. c4 c6 3. e3 Nf6 4. Nc3 e6 5. Nf3 Nbd7 6. Qc2 Bd6 7. g4 h6 $6 8. Rg1
dxc4 9. Bxc4 b5 10. Be2 $16 Bb7 11. e4 e5 12. Be3 (12. dxe5 Nxe5 13. Nd4 $16 {
Dreev}) 12... exd4 13. Nxd4 (13. Bxd4 $5) 13... Bxh2 14. Rh1 Qc7 15. g5 $1 hxg5
16. Ncxb5 Qb8 17. Nc3 (17. Nxc6 Bxc6 18. Qxc6 O-O 19. Bxa7 Qf4 20. Be3 Qb8 $44)
17... c5 18. Nf3 g4 19. Nxh2 Rxh2 20. O-O-O (20. Rxh2 $1 Qxh2 21. O-O-O $36)
20... Rxh1 $1 21. Rxh1 Qe5 22. Qa4 a6 $1 (22... Kf8 $5 23. Rh8+ Ke7 24. Rxa8
Bxa8 25. Qxa7 Bxe4 26. Nxe4 Qxe4 27. Bb5 g3 $13) 23. Rd1 Rd8 (23... Bxe4 24.
Rxd7 $18) 24. Nd5 Bxd5 25. exd5 Rb8 26. Rd2 Qe4 $8 27. Qxe4+ $1 (27. Qxa6 $2 g3
) 27... Nxe4 28. Rc2 f5 29. Bxa6 Ra8 (29... g5 30. Bd3 Ndf6 31. Bxc5 Nxc5 32.
Rxc5 f4 33. d6 $18) 30. Bd3 Rxa2 31. Bxe4 fxe4 32. Rc4 $1 (32. Bxc5 $4 Nxc5 33.
Rxc5 e3 34. fxe3 Ra1+ 35. Kc2 g3 $19) 32... Kf7 33. Rxe4 Nf6 34. Re5 (34. Rf4
$16) 34... Ra4 35. d6 (35. Kc2 Nd7 36. Re6 (36. Rf5+ Ke7) 36... Nf6 $1) 35...
Re4 $1 36. Rxc5 (36. d7 Rc4+ $10) 36... g3 37. Rc7+ Ke6 38. fxg3 (38. Rxg7 Rg4
$10) 38... Kxd6 39. Rc3 Nd5 $1 40. Bc5+ Ke6 41. Rc2 Kf5 42. b3 (42. Kd2 Kg4 43.
Kd3 Re6 $14) 42... Kg4 43. Rc4 Rxc4+ 44. bxc4 Nf6 45. Bd6 Ne4 46. Be5 g5 47.
Kc2 Kf3 48. Kd3 g4 $10 49. Kd4 Nxg3 50. c5 Nf5+ 51. Kd5 g3 1/2-1/2

[Event "Pardubice"]
[Site "Pardubice"]
[Date "1993.??.??"]
[Round "4"]
[White "Hodgson, Julian M"]
[Black "Blatny, Pavel"]
[Result "1-0"]
[WhiteElo "2625"]
[BlackElo "2510"]
[Annotator "Blatny,P"]
[PlyCount "77"]
[EventDate "1993.07.??"]
[EventType "tourn"]
[EventRounds "9"]
[EventCountry "CZE"]
[EventCategory "14"]
[SourceTitle "CBM 037"]
[Source "ChessBase"]
[SourceDate "1993.12.01"]
[SourceVersion "1"]
[SourceVersionDate "1993.12.01"]
[SourceQuality "1"]

1. d4 d5 2. c4 c6 3. Nf3 Nf6 4. Nc3 e6 5. e3 Nbd7 6. Qc2 Bd6 7. g4 Nxg4 8. Rg1
Nh6 (8... h5 9. h3 Nh6) 9. Bd2 (9. Rxg7 $2 Qf6 10. Rxh7 Rxh7 11. Qxh7 Nf8 $19)
9... Nf5 10. cxd5 (10. Bd3 $5 g6 11. e4 $44) 10... cxd5 11. Nb5 $6 (11. Nxd5
exd5 12. Qxf5 Ne5 13. Qh5 (13. Bb5+ $6 Kf8 14. Qh5 Bg4 $1 15. Rxg4 Nxf3+ 16.
Kd1 Nxd2 17. Qxd5 Rc8 {/\Qc7-+}) 13... Bg4 14. Rxg4 Nxf3+ 15. Kd1 Nxd2 16. Kxd2
(16. Rxg7 $4 Qf6 $18) 16... Qa5+ $10) (11. Bd3 $142 g6 12. Nb5) 11... Nf6 12.
Nxd6+ Qxd6 13. Rc1 Bd7 14. Qc7 O-O 15. Qxd6 (15. Qxb7 Rfb8 16. Qc7 Rxb2 $17)
15... Nxd6 16. Bb4 (16. Ne5 $5 Rfc8 17. Rxc8+ Rxc8 18. Nxd7 Nxd7 19. Bd3 {
-/+/=/+ ^^ _|_}) 16... Rfc8 $1 17. Rxc8+ Nxc8 18. Ne5 Be8 $17 19. Bd3 Nb6 20.
Be7 Rc8 21. Kd2 Ne4+ 22. Bxe4 dxe4 23. Bf6 g6 24. Bg5 Kg7 25. Ng4 Nc4+ 26. Ke2
f5 (26... Nxb2 27. Bf6+ Kf8 $19) 27. Bh6+ Kh8 28. Nf6 Bb5 $19 29. a4 Bxa4 30.
Rc1 Bb5 31. Ke1 Rc6 32. b3 Nb2 33. Rxc6 Nd3+ 34. Kf1 Bxc6 35. Kg2 Bd5 36. Kg3
Bxb3 37. h3 a5 38. Kh4 Ba4 $2 $138 (38... Ne1 $1 {/\Nf3-+}) 39. Bf8 $1 $138 (
39. Bf8 Nb4 $8 40. Kg5 Nd5 $8 41. Bd6 (41. Nxd5 exd5 42. Kf6 Kg8 $8 43. Bd6 Bc6
44. Bc7 a4 45. Bd6 Be8 46. Bb4 (46. Kg5 Kf7) 46... h6 {/\Kh7,Bd7,g5-+ _|_})
41... Kg7 (41... Bb3 $2 42. Be5 $1 Nxf6 43. Kxf6 Kg8 44. Bc7 a4 45. Bd6 {/\h4=}
) 42. Nxd5 h6+ $1 43. Kf4 exd5 44. Bc7 (44. Ke5 Bc6 45. Ke6 a4 46. Be5+ Kh7 47.
Bd6 g5 $1 48. Kxf5 Kg7 49. Bb4 Kf7 50. Ba3 Bd7+ 51. Ke5 Be6 $1 {/\h5-h4,g4-+})
44... Kf6 45. Bxa5 g5+ 46. Kg3 Ke6 {/\Bd1-f3,Kd6-c6-b5-c4 -+ _|_}) 1-0

[Event "URS-ch46 First League"]
[Site "Ashkhabad"]
[Date "1978.??.??"]
[Round "7"]
[White "Mikhalchishin, Adrian"]
[Black "Sveshnikov, Evgeny"]
[Result "1/2-1/2"]
[WhiteElo "2460"]
[BlackElo "2565"]
[Annotator "Bulletin"]
[PlyCount "122"]
[EventDate "1978.10.??"]
[EventType "tourn"]
[EventRounds "17"]
[EventCountry "URS"]
[EventCategory "10"]
[SourceTitle "MCL"]
[Source "ChessBase"]
[SourceDate "1999.07.01"]
[SourceVersion "1"]
[SourceVersionDate "1999.07.01"]
[SourceQuality "1"]

1. d4 d5 2. c4 e6 3. Nf3 Nf6 4. Nc3 c6 5. e3 Nbd7 6. Qc2 Bd6 7. e4 dxe4 8. Nxe4
Nxe4 9. Qxe4 e5 $2 10. dxe5 Nxe5 11. c5 $3 (11. Nxe5 $2 Qa5+ 12. Bd2 Qxe5)
11... f5 $2 12. Qe2 Qa5+ 13. Bd2 Qxc5 14. Bc3 Be6 15. Nxe5 O-O-O 16. Qe3 $2 (
16. f4 $1 {/\Qf2}) 16... Qxe3+ 17. fxe3 Rhe8 18. Nf3 Bc5 19. Bd4 Bxd4 20. Nxd4
f4 21. O-O-O Bxa2 22. exf4 Re4 23. Ne2 Rc4+ 24. Nc3 Rxd1+ 25. Kxd1 Bb3+ 26. Ke1
Rxf4 27. Bd3 h6 28. Rf1 Rd4 29. Ke2 Kc7 30. Ke3 Rd8 31. Ne2 a5 32. Ra1 Kb6 33.
g4 Re8+ 34. Kd2 Rf8 35. Ke3 Re8+ 36. Be4 a4 37. Nc3 Ra8 38. Kd4 Kc7 39. Ke3 Kd6
40. Ra3 Ra6 41. Bd3 Ra5 42. Ne4+ Kc7 43. Ra1 Re5 44. Rc1 b5 45. Kf4 Rd5 46. Bc2
Bxc2 47. Rxc2 Kb6 48. Ke3 b4 49. Rd2 Kb5 50. Rd4 $2 a3 51. bxa3 Rxd4 52. Kxd4
bxa3 53. Kc3 a2 54. Kb2 Kc4 55. Nd6+ Kd5 56. Nf5 Ke5 57. Nxg7 Kf4 58. h3 Kg3
59. Nf5+ Kxh3 60. Nxh6 Kh4 61. Kxa2 Kg5 1/2-1/2

[Event "URS-ch46 First League"]
[Site "Ashkhabad"]
[Date "1978.??.??"]
[Round "3"]
[White "Mikhalchishin, Adrian"]
[Black "Kakageldyev, Amanmurad"]
[Result "1-0"]
[WhiteElo "2460"]
[BlackElo "2415"]
[Annotator "Bulletin"]
[PlyCount "59"]
[EventDate "1978.10.??"]
[EventType "tourn"]
[EventRounds "17"]
[EventCountry "URS"]
[EventCategory "10"]
[SourceTitle "MCL"]
[Source "ChessBase"]
[SourceDate "1999.07.01"]
[SourceVersion "1"]
[SourceVersionDate "1999.07.01"]
[SourceQuality "1"]

1. Nf3 d5 2. c4 c6 3. e3 Nf6 4. Nc3 e6 5. d4 Nbd7 6. Qc2 $5 (6. Bd3 dxc4 7.
Bxc4 b5 8. Bd3 Bb7) 6... Be7 7. e4 dxe4 8. Nxe4 c5 9. Nxc5 Nxc5 10. dxc5 Bxc5
11. Bd3 b6 12. Bf4 Bb4+ 13. Nd2 O-O 14. O-O-O Bb7 15. Nf3 Qe7 16. a3 Bc5 17.
Be5 (17. b4 $5 Bd6 $4 (17... Bxf3 18. gxf3 e5 19. Bg5 Bd4 20. Bxh7+ Kh8 $13)
18. Bxd6 Qxd6 19. Bxh7+) 17... g6 18. h4 (18. b4 $2 Bxf3 19. gxf3 Bd6 20. Bxd6
Qxd6 21. Bxg6 $4 Qf4+) 18... Ng4 19. Bg3 f5 20. h5 e5 21. hxg6 hxg6 22. Qc3
Rae8 23. Rde1 f4 24. Bh4 Qg7 25. Qc2 e4 $1 26. Bxe4 $2 (26. Rxe4 Bxe4 27. Bxe4
$44) 26... Ne3 $2 (26... Be3+ $1 27. fxe3 Bxe4) 27. Bxb7 $3 Nxc2 28. Bd5+ Re6
29. Rxe6 Rf7 30. Bf6 1-0

[Event "EU-chT (Men) 10th"]
[Site "Debrecen"]
[Date "1992.11.??"]
[Round "7.4"]
[White "Miles, Anthony John"]
[Black "Novikov, Igor A"]
[Result "1-0"]
[WhiteElo "2565"]
[BlackElo "2580"]
[Annotator "Bulletin"]
[PlyCount "79"]
[EventDate "1992.11.20"]
[EventType "team-swiss"]
[EventRounds "9"]
[EventCountry "HUN"]
[SourceTitle "EU-chT"]
[Source "ChessBase"]
[SourceDate "1999.07.01"]
[SourceVersion "2"]
[SourceVersionDate "1999.07.01"]
[SourceQuality "1"]
[WhiteTeam "England"]
[BlackTeam "Ukraine"]
[WhiteTeamCountry "ENG"]
[BlackTeamCountry "UKR"]

1. d4 d5 2. c4 e6 3. Nf3 Nf6 4. Nc3 c6 5. e3 Nbd7 6. Qc2 Bd6 7. Be2 O-O 8. O-O
Re8 9. Rd1 Qe7 10. b3 b6 11. e4 dxe4 12. Nxe4 Nxe4 13. Qxe4 Bb7 14. Bf4 Bxf4 (
14... c5 15. Bxd6 Bxe4 16. Bxe7 Rxe7 17. dxc5 Nxc5 18. Rd6 $14 {Grivas}) 15.
Qxf4 Nf8 {N} (15... c5 $142 $14) 16. Rd2 $14 c5 17. dxc5 Qxc5 18. Rad1 Re7 19.
Ng5 $1 {/\ Ne4-d6, /\ Bf3} Qc7 20. Qe3 Ree8 21. Bf3 $1 (21. Ne4 Bxe4 $14) 21...
Bxf3 22. Qxf3 e5 23. Ne4 Re6 24. Nd6 $16 Rb8 25. h4 $1 {/\ h5 פf8} Qe7 26. h5
Qf6 27. Qxf6 Rxf6 28. Nb5 a5 29. Rd8 $1 {עg8, b6} Rxd8 30. Rxd8 g5 31. Nc7 $1
Rc6 32. Nd5 Kg7 33. Ne7 $1 Rc7 34. Nf5+ Kf6 35. Ne3 $1 (35. g4) 35... Ne6 36.
Rd6 $18 Rb7 37. Nd5+ Kf5 38. Nxb6 Nc5 39. Nd5 e4 40. Ne3+ (40. Ne3+ Kf4 41. Rd5
) 1-0

[Event "Oberliga Bayern 9495"]
[Site "Bayern"]
[Date "1994.??.??"]
[Round "?.1"]
[White "Mandl, Robert"]
[Black "Gdanski, Jacek"]
[Result "1/2-1/2"]
[WhiteElo "2430"]
[BlackElo "2505"]
[Annotator "Bulletin"]
[PlyCount "89"]
[EventDate "1994.10.09"]
[EventType "team-tourn"]
[EventRounds "9"]
[EventCountry "GER"]
[SourceTitle "EXT 1999"]
[Source "ChessBase"]
[SourceDate "1998.11.16"]
[SourceVersion "1"]
[SourceVersionDate "1998.11.16"]
[SourceQuality "1"]
[WhiteTeam "Regensburg Fortuna"]
[BlackTeam "Hof SK"]
[WhiteTeamCountry "GER"]
[BlackTeamCountry "GER"]

1. Nf3 d5 2. c4 c6 3. d4 e6 4. Qc2 Nf6 5. e3 Nbd7 6. Nc3 Bd6 7. b3 O-O 8. Be2
Qe7 9. O-O Re8 10. Rd1 b6 11. e4 Nxe4 12. Nxe4 dxe4 13. Qxe4 Bb7 14. Bb2 Rad8
15. Bd3 f5 16. Qe2 c5 17. dxc5 Nxc5 18. Bc2 a5 19. a3 Ne4 20. Bxe4 Bxe4 21. Qe3
Qc7 22. h3 e5 23. b4 axb4 24. axb4 Bxb4 25. Rxd8 Qxd8 26. Nxe5 Qc7 27. Qg3 Bd6
28. f4 Bc5+ 29. Kh2 Rd8 30. Bc3 Bf8 31. Ra2 Rd1 32. Rd2 Rxd2 33. Bxd2 Qd6 34.
Qf2 Qd8 35. Be3 g5 36. Bxb6 Qf6 37. Be3 (37. Nd7 $16) 37... gxf4 38. Bxf4 Qg7
39. Qg3 Qxg3+ 40. Kxg3 Bd6 41. Nf3 Bc5 42. Be5 Bd3 43. Kf4 Bxc4 44. h4 Bd3 45.
Nd4 1/2-1/2